| 000 | 00629nam a2200253 a 4500 | ||
|---|---|---|---|
| 001 | 0001-1177 | ||
| 003 | ELIB.Books | ||
| 008 | 150507 2010 eng | ||
| 020 | _a081700016X | ||
| 035 | _a(ELIB.Books)0001-1332 | ||
| 092 |
_a286 _bLum |
||
| 100 | _aLumpkin, William. | ||
| 245 | _aBaptist Confessions of Faith | ||
| 250 | _aRevised Edition | ||
| 260 |
_aValley Forge _bJudson Press _c1969 |
||
| 300 |
_a444 _c22 Cm |
||
| 500 | _aC/o Moe Lwei | ||
| 650 | _aBaptists | ||
| 856 |
_nKBTS: Library _uKBTS: Elib |
||
| 942 |
_2ddc _cBK |
||
| 990 | _a1 | ||
| 998 |
_cbat _e2015-05-07 |
||
| 999 |
_c11177 _d11177 |
||